000 00855nas a2200253 4500
001 BR8006704
003 BR-BrBNA
005 20231205084429.0
007 ta
008 230509b bl.|||p| |||| 00| 00por d
040 _aBR-BrBNA
_bpor
_cBiblioteca Nacional de Agricultura
041 _a(Pt)
072 _aL73
100 1 _aFerreiro, L.
111 1 _a27. Semana do Laticinista; 1. Encontro Nacional de Tecnicos em Laticinios
_cJuiz de Fora, MG (Brazil)
_d8-11 Jul 1980
245 1 _aAgentes etiologicos e terapeutica da mastite bovina no Brasil
650 _aBOVINO
650 _aMAMITE
650 _aETIOLOGIA
650 _aVETERINARIA
773 0 _tRevista do Instituto de Laticinios Candido Tostes (Brazil)
_xISSN 0100-3674
_g(Sep-Oct 1980), v. 35(211) p. 37-42
_wBR8006704
909 _a202311
_bLúcia
_c55
_dLúcia Elande
942 _2AGRIS
_n0
_cANA
999 _c105182
_d105182